| 000 | 01333cam a2200385 i 4500 | ||
|---|---|---|---|
| 001 | 22807233 | ||
| 005 | 20251223130302.0 | ||
| 006 | m |o d | | ||
| 007 | cr_||||||||||| | ||
| 008 | 220816s2023 enk ob 001 0 eng | ||
| 010 | _a 2022036542 | ||
| 020 |
_a9781003250845 _q(ebk) |
||
| 020 |
_z9781032164496 _q(hbk) |
||
| 020 |
_z9781032168968 _q(pbk) |
||
| 035 | _a22807233 | ||
| 040 |
_aDLC _beng _cDLC _erda _dDLC |
||
| 042 | _apcc | ||
| 050 | 0 | 0 | _aSB189 |
| 082 | 0 | 0 |
_a631.52 _223/eng/20220928 |
| 245 | 0 | 0 |
_aCereal crops / _cedited by Tariq Shah. |
| 250 | _aFirst edition. | ||
| 264 | 1 |
_aAbingdon, Oxon ; _aBoca Raton, FL : _bCRC Press, _c2023. |
|
| 300 | _a1 online resource. | ||
| 336 |
_atext _btxt _2rdacontent |
||
| 337 |
_acomputer _bc _2rdamedia |
||
| 338 |
_aonline resource _bcr _2rdacarrier |
||
| 504 | _aIncludes bibliographical references and index. | ||
| 588 | _aDescription based on print version record. | ||
| 650 | 0 |
_aGrain. _9132542 |
|
| 700 | 1 |
_aShah, Tariq _c(Researcher of Agriculture), _eeditor. _9132543 |
|
| 776 | 0 | 8 |
_iPrint version: _tCereal crops _bFirst edition. _dAbingdon, Oxon ; Boca Raton, FL : CRC Press, 2023 _z9781032164496 _w(DLC) 2022036541 |
| 906 |
_a7 _bcbc _corignew _d1 _eecip _f20 _gy-gencatlg |
||
| 942 |
_2ddc _cBK _m631.52 CER 2023 3526 |
||
| 999 |
_c615680 _d615680 |
||